Losowe szwedzkie słowa - Statystyki

Ogólne statystyki
  • Ten quiz został rozwiązany 47 razy
  • Średni wynik to 5 z 30
Statystyki odpowiedzi
Szwedzkie słowo Polskie tłumaczenie % Poprawnych
Kyrka Kościół
58%
Träd Drzewo
48%
Skjorta Koszula
33%
Varg Wilk
33%
Resa Podróż
27%
Vägg Ściana
27%
Påsk Wielkanoc
27%
Springa Bieg
24%
Krysantemum Chryzantema
24%
Brand Ogień
24%
Dröm Marzenie
21%
Tvättmaskin Zmywarka
21%
Vingård Winnica
18%
Husfluga Mucha
15%
Kudde Poduszka
15%
Bläck Atrament
12%
Rök Dym
12%
Rötter Korzenie
12%
Halvö Półwysep
12%
Ljus Świeca
12%
Vallmofrö Mak
9%
Lins Soczewka
9%
Murgröna Bluszcz
6%
Drottning Królowa
6%
Panorera Patelnia
6%
Tallrik Płyta
6%
Fläta Warkocz
6%
Bukt Zatoka
6%
Maskros Dmuchawiec
3%
Klädsel Tapicerka
3%
Nie znaleziono quizów pasujących do podanych kryteriów
Rozkład punktacji
Procent ludzi z każdym wynikiem
Percentyl według liczby udzielonych odpowiedzi
Twoja historia wyników
Nie rozwiązałeś tego quizu